[Event "XV Closed IM BCC 2021"]
[Site "Barcelona"]
[Date "2021.05.11"]
[Round "8.3"]
[White "Saya, Ethan"]
[Black "Hernandez, Cristian Andres"]
[Result "1-0"]
[WhiteElo "2230"]
[BlackElo "2357"]
[Annotator "RC"]
[PlyCount "74"]
[EventDate "2021.05.03"]
[EventType "tourn"]
[EventCountry "ESP"]
[SourceTitle "playchess.com"]
[Source "ChessBase"]
[SourceQuality "1"]
[TimeControl "5400+30"]

1. e4 {[%emt 0:00:00]} c5 {[%emt 0:00:00]} 2. Nc3 {[%emt 0:01:04]} e6 {[%emt 0:01:03]} 3. g3 {[%emt 0:00:16]} d5 {[%emt 0:01:16]} 4. Bg2 {[%emt 0:00:07]} Nf6 {[%emt 0:02:46]} 5. d3 {[%emt 0:02:20]} Nc6 {[%emt 0:01:03]} 6. exd5 {[%emt 0:02:37]} Nxd5 {[%emt 0:02:07]} 7. Nge2 {[%emt 0:13:06]} Be7 {[%emt 0:06:05]} 8. O-O {[%emt 0:02:21]} O-O {[%emt 0:00:39]} 9. Nxd5 {[%emt 0:06:48]} exd5 {[%emt 0:00:05]} 10. Nf4 {[%emt 0:00:12]} d4 {[%emt 0:00:05]} 11. Nd5 {[%emt 0:00:26]} Be6 {[%emt 0:05:52]} 12. Nxe7+ {[%emt 0:00:27]} Qxe7 {[%emt 0:00:13]} 13. Re1 {[%emt 0:00:54]} Qd7 {[%emt 0:05:28]} 14. Bd2 {[%emt 0:10:06]} Bd5 {[%emt 0:10:46]} 15. Bxd5 {[%emt 0:00:58]} Qxd5 {[%emt 0:00:09]} 16. Qe2 {[%emt 0:00:08]} f6 {[%emt 0:05:18]} 17. Qe6+ {[%emt 0:18:55]} Qxe6 {[%emt 0:00:17]} 18. Rxe6 {[%emt 0:00:06]} Kf7 {[%emt 0:00:55]} 19. Re4 {[%emt 0:01:38]} Rfe8 {[%emt 0:02:34]} 20. Rae1 {[%emt 0:00:37]} Rxe4 {[%emt 0:00:25]} 21. Rxe4 {[%emt 0:02:54]} b5 {[%emt 0:00:29]} 22. f4 {[%emt 0:05:42]} a5 {[%emt 0:04:05]} 23. Kf2 {[%emt 0:01:11]} Nb4 {[%emt 0:01:13]} 24. Re1 {[%emt 0:04:33]} Nxa2 {[%emt 0:02:20]} 25. Ra1 {[%emt 0:06:39]} Nb4 {[%emt 0:00:11]} 26. Bxb4 {[%emt 0:01:06]} cxb4 {[%emt 0:00:04]} 27. Ke2 {[%emt 0:00:24]} a4 {[%emt 0:00:22]} 28. Kd2 {[%emt 0:00:37]} Re8 {[%emt 0:04:38]} 29. Rf1 {[%emt 0:02:38]} Ke6 {[%emt 0:04:54]} 30. Re1+ {[%emt 0:03:34]} Kd7 {[%emt 0:00:05]} 31. Ra1 {[%emt 0:00:39]} Kd6 {[%emt 0:01:04]} 32. Rf1 {[%emt 0:00:42]} Kc5 {[%emt 0:00:45]} 33. Ra1 {[%emt 0:00:28]} h5 {[%emt 0:01:20]} 34. Rg1 {[%emt 0:00:37]} a3 {[%emt 0:01:22]} 35. b3 {[%emt 0:00:20]} Kd5 {[%emt 0:01:33]} 36. Ra1 {[%emt 0:01:33]} Re3 {[%emt 0:00:23]} 37. Rg1 {[%emt 0:01:14]} Ke6 {[%emt 0:00:20]} 1-0

[Event "XV Closed IM BCC 2021"]
[Site "Barcelona"]
[Date "2021.05.11"]
[Round "8.4"]
[White "Lucas, Arthur"]
[Black "Garcia Ramos, Daniel"]
[Result "1-0"]
[WhiteElo "2310"]
[BlackElo "2436"]
[Annotator "TA"]
[PlyCount "73"]
[EventDate "2021.05.03"]
[EventType "tourn"]
[EventCountry "ESP"]
[SourceTitle "playchess.com"]
[Source "ChessBase"]
[SourceQuality "1"]

{[%evp 11,73,0,24,-13,23,-37,-31,-25,-37,-26,2,-56,-27,-70,-57,-63,-52,-52,0,-31,-12,-8,34,25,189,192,180,205,443,439,430,406,398,320,607,581,754,767,679,358,353,354,351,366,363,360,374,380,758,762,1337,1337,1270,1245,1083,860,1242,1182,29981,5502,29978,6165,2156,2024]} 1. e4 e5 2. Nf3 Nc6 3. d4 exd4 4. Nxd4 Bc5 5. Nb3 Bb6 6. Nc3 Nf6 7. Qe2 {C45: Scotch Game.} O-O 8. Bg5 (8. Be3 $11) 8... h6 $15 9. Bh4 {Black is slightly better.} a5 10. a4 d6 11. Nd5 (11. O-O-O $11) 11... g5 {...Nxd5 is the strong threat.} 12. Nxb6 cxb6 13. Bg3 {[#]} Nxe4 $1 14. O-O-O {[#]} (14. Qxe4 $2 Re8 $19) 14... d5 $146 (14... Bf5 $15 15. Nd4 Nxd4 16. Rxd4 Re8) ({Predecessor:} 14... Re8 15. Qh5 Kg7 16. Bc4 Be6 17. Bb5 Nf6 18. Qf3 Bg4 19. Qc3 Bxd1 20. Rxd1 d5 {½-½ (56) Korsinskij,M (1648)-Winter,O (1303) Kouty nad Desnou 2017}) 15. Qh5 (15. f3 $5 {[%cal Rf3e4]} Nxg3 16. hxg3 $11) 15... Qf6 (15... Nxg3 $6 16. hxg3 Qf6 17. Qxh6 $16) 16. Bd3 Bf5 {Strongly threatening ...Nb4.} 17. f3 $1 {[%cal Rf3e4]} Rac8 $2 {This costs Black the game.} 18. fxe4 $18 dxe4 19. Bc4 {Hoping for Rd6.} Nb4 $2 {[#]} (19... Ne5 20. Bxe5 Qxe5) 20. Rd6 $1 {[%cal Rd6f6]} Qg7 {[#]} 21. Nd4 $1 {[%cal Rd4f5]} Bh7 ({Wrong is} 21... Rxc4 $2 22. Nxf5 Nd3+ {[#]} 23. Rxd3 $1 $18 {[%mdl 512]}) 22. Bb3 e3 $2 (22... b5 23. Kb1 (23. Rxh6 Qxd4 24. Kb1 bxa4 $18) (23. Nxb5 e3 $18) (23. axb5 a4 $14) 23... bxa4 24. Bxa4 e3 25. Rxh6 Bg6) 23. Rf1 Nd3+ 24. Kb1 Nc5 25. Nf5 Bxf5 26. Rxf5 Nxb3 27. cxb3 Qh7 28. Rdf6 Rc6 {aiming for ...Rxf6.} 29. Ka2 Rxf6 $2 (29... b5 30. Qe2 bxa4 31. Qxe3 Rxf6 32. Rxf6 Qc2 33. Rxh6 f6) 30. Rxf6 Re8 31. Rxh6 Qg7 32. Rxb6 e2 33. Be1 Kf8 34. Rxb7 {White wants to mate with Bc3.} Re3 35. Rb8+ (35. Bc3 $142 Rxc3 36. Rb8+ Ke7 37. Qxe2+ Kf6 38. bxc3 Kg6 39. Qd3+ f5 40. Rb6+ Qf6 41. Rxf6+ Kxf6 42. Qa6+ {[%mdl 64] Double Attack} Ke5 43. Qxa5+ Ke4 44. Qc5) 35... Ke7 36. Qg4 (36. Bc3 $142 Rxc3 37. Qxe2+ Kf6 38. bxc3 Kg6 39. Qd3+ f5 40. Rb6+ Qf6 41. Qd4 {[%mdl 64] Pin}) 36... Qe5 37. Rb5 {Weighted Error Value: White=0.25/Black=0.84} 1-0

[Event "XV Closed IM BCC 2021"]
[Site "Barcelona"]
[Date "2021.05.11"]
[Round "8.5"]
[White "Papadiamandis, Elliot"]
[Black "Alcala Gonzalez, Cesar"]
[Result "0-1"]
[WhiteElo "2292"]
[BlackElo "2110"]
[Annotator "TA"]
[PlyCount "50"]
[EventDate "2021.05.03"]
[EventType "tourn"]
[EventCountry "ESP"]
[SourceTitle "playchess.com"]
[Source "ChessBase"]
[SourceQuality "1"]

{[%evp 15,50,29,17,18,53,22,35,27,41,51,65,48,92,57,37,0,0,-179,-167,-190,-183,-526,-542,-546,-528,-506,-514,-1169,-1179,-1114,-1154,-29991,-29985,-29985,-29986,-29998,-29999]} 1. e4 c6 2. d4 d5 3. Nc3 dxe4 4. Nxe4 Nf6 5. Nxf6+ exf6 6. c3 Bd6 7. Bd3 O-O 8. Ne2 Re8 9. Qc2 {B15: Caro-Kann: 3 Nc3: 3...g6 and 3...dxe4 4 Nxe4 Nf6 5 Nxf6+ exf6.} h5 10. Be3 Nd7 11. O-O-O {White is slightly better.} b5 12. d5 c5 13. Bxb5 {[#]} a6 $146 ({Predecessor:} 13... Rb8 14. c4 a6 15. Ba4 Re7 16. Ng3 Ne5 17. Ne4 Reb7 18. b3 Rb4 19. Bd2 Rxa4 20. bxa4 {1-0 (63) Duda,J (2757)-Carlsen,M (2863) Stavanger 2020}) 14. Bc6 Rb8 15. Ng3 {Hoping for Nf5.} Rxe3 $1 16. Bxd7 $2 {[#]} (16. fxe3 $11 {and White is okay.} Ne5 17. b3 (17. Nxh5 Bg4 $15)) 16... Rxc3 $3 $19 {[%mdl 512]} 17. Qxc3 {[#] And now Bc6 would win.} (17. bxc3 $2 {is the wrong capture.} Bf4+ 18. Rd2 Bxd7 $19) 17... Be5 $1 {[%cal Re5c3]} 18. Qc4 ({Don't go for} 18. Qxc5 $2 Bxd7 19. Qa3 (19. Nxh5 $2 Rc8 $19) 19... Qc7+ 20. Kb1 Rxb2+ 21. Qxb2 Bxb2 $19) (18. Qxe5 {is tougher.} fxe5 19. Bxc8 Qxc8 20. f3) 18... Bxb2+ 19. Kc2 {Bxc8 is the strong threat.} Bxd7 20. Rb1 {[#]} Rb4 21. Qxc5 (21. Qxb4 $142 cxb4 22. Rxb2) 21... Ba4+ 22. Kd3 Rb5 23. Qe3 Rxd5+ {Black mates.} 24. Ke2 Bb5+ 25. Ke1 Qa5+ {[%mdl 64] Double Attack.  Weighted Error Value: White=1.12/Black=0.04} 0-1

[Event "XV Closed IM BCC 2021"]
[Site "Barcelona"]
[Date "2021.05.12"]
[Round "9.1"]
[White "Alcala Gonzalez, Cesar"]
[Black "Nottola, Adrien"]
[Result "0-1"]
[WhiteElo "2110"]
[BlackElo "2101"]
[Annotator "TA"]
[PlyCount "72"]
[EventDate "2021.05.03"]
[EventType "tourn"]
[EventCountry "ESP"]
[SourceTitle "playchess.com"]
[Source "ChessBase"]
[SourceQuality "1"]

{[%evp 17,72,52,60,43,51,32,63,48,49,52,49,63,51,-16,-15,0,-2,-56,-56,-55,-69,-56,-70,-71,-62,-94,-5,-68,-9,-7,-6,-9,0,0,0,-4,-8,-6,-8,-25,0,0,21,-263,-271,-271,-260,-539,-534,-661,-652,-737,-725,-796,-718,-720,-699]} 1. d4 {Jones,G} Nf6 2. c4 g6 3. Nc3 Bg7 4. e4 d6 5. f3 O-O 6. Be3 Nc6 7. Nge2 a6 8. Qd2 Rb8 9. Rc1 Bd7 10. Nd1 {E84: King's Indian: Sämisch Panno: 7 Nge2 a6 8 Qd2 Rb8.} b5 {10...Re8 is the fancy move.} 11. c5 Re8 12. Nf2 {White is slightly better.} dxc5 13. Rxc5 e5 14. d5 Ne7 15. Ng3 ({Better is} 15. Qc1 $14) 15... c6 $11 16. d6 Nc8 17. Nd3 (17. Be2 $11) 17... Nxd6 $15 {[#]} 18. Nb4 $146 {[#]} ({Predecessor:} 18. Nxe5 Rxe5 19. Rxe5 Nd5 20. Bd4 f6 21. Bc5 Nf7 22. Rxd5 cxd5 23. exd5 f5 24. Be2 {½-½ (41) Caruana,F (2767)-Jones,G (2635) Plovdiv 2012 CBM 148 [Jones,G]}) 18... Qa5 $1 19. Nxc6 Qxd2+ 20. Kxd2 Rbc8 21. Na5 {[#]} Be6 (21... Rxc5 $1 $17 22. Bxc5 Bf8) 22. Bd3 ({White should try} 22. Rxc8 $1 $11 Rxc8 23. Bd3) 22... Bf8 ({Stronger than} 22... Bxa2 23. b3 $16) (22... Rxc5 $1 $15 23. Bxc5 Bf8) 23. Rxc8 $1 $11 Rxc8 24. a3 Nc4+ 25. Bxc4 bxc4 26. Rc1 Nd7 27. b4 f5 28. Nh1 Nf6 29. Nf2 f4 30. Bb6 {[%mdl 8192] Loses the game.} (30. Ba7 $1 $11) 30... Nd7 $19 31. Ba7 Rc7 32. Bc5 $2 (32. Nd3 {was necessary.} Rxa7 33. Nxc4) 32... Nxc5 {Black is clearly winning.} 33. bxc5 Bxc5 34. Nd1 Bb6 35. Nxc4 Rxc4 36. Rxc4 Bxc4 {Weighted Error Value: White=0.52/Black=0.14} 0-1

[Event "XV Closed IM BCC 2021"]
[Site "Barcelona"]
[Date "2021.05.12"]
[Round "9.2"]
[White "Garcia Ramos, Daniel"]
[Black "Papadiamandis, Elliot"]
[Result "1/2-1/2"]
[WhiteElo "2436"]
[BlackElo "2292"]
[Annotator "TA"]
[PlyCount "119"]
[EventDate "2021.05.03"]
[EventType "tourn"]
[EventCountry "ESP"]
[SourceTitle "playchess.com"]
[Source "ChessBase"]
[SourceQuality "1"]

{[%evp 9,119,4,14,8,20,0,0,-22,0,0,16,0,13,0,0,0,8,0,0,0,0,-4,0,0,0,0,0,-9,0,-35,14,0,0,0,0,0,10,-5,34,43,64,48,178,0,23,0,15,0,54,41,91,83,175,197,206,218,208,222,232,112,113,108,109,104,109,113,243,228,477,0,0,0,0,0,0,0,0,-8,-8,-20,-9,-12,-12,-12,-12,-12,-12,-19,-12,-12,-12,-20,-20,-22,-12,-27,-10,-6,0,0,0,0,0,0,0,0,0,0,0,0,0,0]} 1. e4 c5 2. Nf3 d6 3. d4 cxd4 4. Qxd4 Nf6 5. Be2 g6 6. O-O {B53: Sicilian: 2...d6: Lines with Qxd4.} Bg7 7. h3 O-O 8. Qe3 Nc6 9. Rd1 Be6 10. Nc3 Rc8 11. a3 a6 12. Qf4 Qa5 13. Qh4 {[#]} Qh5 $146 ({Predecessor:} 13... b5 14. Bh6 Ne5 15. Ng5 Rxc3 16. bxc3 Qxc3 17. Bd3 Nxd3 18. cxd3 Bb3 19. Rac1 Qb2 {½-½ (49) Quesada Perez,Y (2582)-Saric,I (2667) chess24.com INT 2020}) 14. Qg3 Qa5 15. Bd2 h6 16. Rab1 Nh5 17. Qh2 Qc7 18. g4 Nf6 19. Qg3 Rfd8 20. Be3 Na5 21. Bd4 Nc6 22. Be3 Na5 23. g5 hxg5 (23... Nh5 $5 {[%cal Rh5g3]} 24. Qh4 Nc4 $11) 24. Nxg5 Bc4 25. Bf3 $36 {[%mdl 2048] White is more active.} Bb5 (25... e6 $14) 26. Bd4 $2 (26. Nd5 $1 $18 {[%cal Rd5c7]} Nxd5 27. exd5) 26... e5 27. Nxb5 axb5 28. Bc3 Nc4 (28... Nc6 $11) 29. Rd3 Nb6 30. Ba5 {Threatens to win with Rc3.} Qxc2 (30... d5 $16) 31. Rbd1 $18 {[%cal Bb1d1,Bd1d6,Bd6b6][%mdl 32]} Rc6 32. Rc3 $1 {[%cal Rc3c2]} Rxc3 33. bxc3 Nfd7 34. Nxf7 Kxf7 $16 35. Rxd6 {[%mdl 64] Double Attack} Bf6 36. Bxb6 Nxb6 37. Rxb6 {[%mdl 64] Double Attack} Qxc3 (37... Rd7 $16 {might work better.}) 38. Rxb7+ $18 Be7 $2 {[#]} (38... Kf8 {is a better defense.} 39. Qxg6 Qc1+ 40. Kh2 Qf4+ 41. Kg2 Qg5+ 42. Qxg5 Bxg5 43. Rxb5 Bf4) 39. Kg2 $2 (39. Qh4 $1 $18 {[%cal Rh4e7]} Qc1+ 40. Kg2) 39... Qc6 $1 $11 {[%cal Rc6b7]} 40. Ra7 Qb6 $1 {[%cal Rb6a7]} 41. Rxe7+ Kxe7 42. Qxe5+ {[%mdl 4096] Endgame KQR-KQB} Kf7 43. Qb2 Qc5 44. Bg4 Qc4 45. Qe5 Re8 46. Qf4+ Kg7 47. Bf3 Qc5 48. Qd2 Rf8 49. Bg4 Qe5 50. Qd3 Rf4 51. Bf3 Rf7 52. Be2 Qg5+ 53. Qg3 {The position is equal.} Qxg3+ 54. Kxg3 {KR-KB} Ra7 55. Bxb5 Rxa3+ 56. Kg4 Ra1 57. f4 Rg1+ 58. Kf3 g5 59. fxg5 Rxg5 60. Bd7 {Black escapes into a draw.  Weighted Error Value: White=0.19/Black=0.22} 1/2-1/2

[Event "XV Closed IM BCC 2021"]
[Site "Barcelona"]
[Date "2021.05.12"]
[Round "9.3"]
[White "Hernandez, Cristian Andres"]
[Black "Lucas, Arthur"]
[Result "1-0"]
[WhiteElo "2357"]
[BlackElo "2310"]
[Annotator "ChessBase"]
[PlyCount "117"]
[EventDate "2021.05.03"]
[EventType "tourn"]
[EventCountry "ESP"]
[SourceTitle "playchess.com"]
[Source "ChessBase"]
[SourceQuality "1"]
[TimeControl "5400+30"]

1. c4 {[%emt 0:00:00]} Nf6 {[%emt 0:00:00]} 2. Nc3 {[%emt 0:00:23]} g6 {[%emt 0:00:00]} 3. d4 {[%emt 0:00:27]} Bg7 {[%emt 0:00:00]} 4. e4 {[%emt 0:00:10]} d6 {[%emt 0:00:00]} 5. Nf3 {[%emt 0:00:15]} O-O {[%emt 0:00:03]} 6. Be2 {[%emt 0:00:24]} Na6 {[%emt 0:00:05]} 7. O-O {[%emt 0:01:12]} e5 {[%emt 0:00:05]} 8. Re1 {[%emt 0:01:56]} c6 {[%emt 0:00:37]} 9. Rb1 {[%emt 0:01:07]} exd4 {[%emt 0:06:36]} 10. Nxd4 {[%emt 0:00:32]} Nc5 {[%emt 0:00:25]} 11. f3 {[%emt 0:06:13]} a5 {[%emt 0:01:18]} 12. b3 {[%emt 0:03:06]} Re8 {[%emt 0:06:40]} 13. Be3 {[%emt 0:00:30]} Qe7 {[%emt 0:00:30]} 14. Bf1 {[%emt 0:00:30]} Be6 {[%emt 0:00:30]} 15. Qc2 {[%emt 0:00:30]} Rad8 {[%emt 0:00:30]} 16. Qf2 {[%emt 0:00:30]} Bc8 {[%emt 0:00:30]} 17. Rbd1 {[%emt 0:00:30]} Nh5 {[%emt 0:00:30]} 18. Qd2 {[%emt 0:00:30]} Qc7 {[%emt 0:00:30]} 19. Bg5 {[%emt 0:00:30]} Bf6 {[%emt 0:00:30]} 20. Be3 {[%emt 0:00:30]} Ng7 {[%emt 0:00:30]} 21. Bf2 {[%emt 0:00:30]} Nge6 {[%emt 0:00:30]} 22. Nxe6 {[%emt 0:00:30]} Nxe6 {[%emt 0:00:30]} 23. g3 {[%emt 0:00:30]} Bg7 {[%emt 0:00:30]} 24. f4 {[%emt 0:00:30]} Nc5 {[%emt 0:00:30]} 25. Bd4 {[%emt 0:00:30]} Bg4 {[%emt 0:00:30]} 26. Bxg7 {[%emt 0:00:30]} Kxg7 {[%emt 0:00:30]} 27. Qd4+ {[%emt 0:00:30]} Kg8 {[%emt 0:00:30]} 28. Rd2 {[%emt 0:00:30]} f5 {[%emt 0:00:30]} 29. Bg2 {[%emt 0:00:30]} fxe4 {[%emt 0:00:30]} 30. Nxe4 {[%emt 0:00:30]} Nxe4 {[%emt 0:00:30]} 31. Rxe4 {[%emt 0:00:30]} Rxe4 {[%emt 0:00:30]} 32. Qxe4 {[%emt 0:00:30]} Qb6+ {[%emt 0:00:30]} 33. Qd4 {[%emt 0:00:30]} Qxd4+ {[%emt 0:00:30]} 34. Rxd4 {[%emt 0:00:30]} Kf7 {[%emt 0:00:30]} 35. Kf2 {[%emt 0:00:30]} Ke7 {[%emt 0:00:30]} 36. h3 {[%emt 0:00:30]} Bf5 {[%emt 0:00:30]} 37. g4 {[%emt 0:00:30]} Be6 {[%emt 0:00:30]} 38. Be4 {[%emt 0:00:30]} Ra8 {[%emt 0:00:30]} 39. Bc2 {[%emt 0:00:30]} Rb8 {[%emt 0:00:30]} 40. Ke3 {[%emt 0:00:30]} b6 {[%emt 0:00:30]} 41. f5 {[%emt 0:00:30]} gxf5 {[%emt 0:00:30]} 42. gxf5 {[%emt 0:00:30]} Bd7 {[%emt 0:00:30]} 43. Rh4 {[%emt 0:00:30]} Rh8 {[%emt 0:00:30]} 44. Rh6 {[%emt 0:00:30]} Be8 {[%emt 0:00:30]} 45. Kf4 {[%emt 0:00:30]} b5 {[%emt 0:00:30]} 46. cxb5 {[%emt 0:00:30]} cxb5 {[%emt 0:00:30]} 47. Be4 {[%emt 0:00:30]} Bf7 {[%emt 0:00:30]} 48. f6+ {[%emt 0:00:30]} Ke6 {[%emt 0:00:30]} 49. Bf5+ {[%emt 0:00:30]} Kd5 {[%emt 0:00:30]} 50. Rxh7 {[%emt 0:00:30]} Rxh7 {[%emt 0:00:30]} 51. Bxh7 {[%emt 0:00:30]} Ke6 {[%emt 0:00:30]} 52. Kg5 {[%emt 0:00:30]} d5 {[%emt 0:00:30]} 53. h4 {[%emt 0:00:30]} d4 {[%emt 0:00:30]} 54. h5 {[%emt 0:00:30]} Bxh5 {[%emt 0:00:30]} 55. Kxh5 {[%emt 0:00:30]} Kxf6 {[%emt 0:00:30]} 56. Kg4 {[%emt 0:00:30]} Ke5 {[%emt 0:00:30]} 57. Kf3 {[%emt 0:00:30]} Kd5 {[%emt 0:00:30]} 58. Bd3 {[%emt 0:00:30]} Kc5 {[%emt 0:00:30]} 59. a3 {[%emt 0:00:30]} 1-0

[Event "XV Closed IM BCC 2021"]
[Site "Barcelona"]
[Date "2021.05.12"]
[Round "9.4"]
[White "Valenzuela Gomez, Fernando"]
[Black "Saya, Ethan"]
[Result "0-1"]
[WhiteElo "2382"]
[BlackElo "2230"]
[Annotator "TA"]
[PlyCount "98"]
[EventDate "2021.05.03"]
[EventType "tourn"]
[EventCountry "ESP"]
[SourceTitle "playchess.com"]
[Source "ChessBase"]
[SourceQuality "1"]

{[%evp 19,98,38,37,34,34,6,41,17,79,81,80,84,74,0,70,64,56,58,73,81,81,62,87,64,148,139,184,167,169,135,135,123,162,115,128,132,172,106,108,110,112,103,103,108,102,109,193,4,4,2,8,8,28,0,0,0,0,0,0,0,0,0,287,287,256,-1217,-1132,-922,-874,-761,-677,-29973,-29973,-29975,-29976,-29977,-29978,-29978,-29979,-29979,-29980]} 1. d4 Nf6 2. c4 e6 3. Nf3 b6 4. g3 Bb7 5. Bg2 Be7 6. O-O O-O 7. Nc3 Ne4 8. Bd2 d6 9. d5 Nxc3 {is the legacy move (9...Nxd2).} 10. Bxc3 e5 11. b4 {is the legacy move (11.e4). E18: Queen's Indian: Old Main Line (4 g3 Bb7 5 Bg2 Be7 6 0-0 0-0 7 Nc3).} Nd7 12. e4 g6 13. Ne1 {[#] White is slightly better.} f5 $146 (13... c6 $11) ({Predecessor:} 13... Bf6 14. Nd3 Ba6 15. Nb2 Bc8 16. Rc1 Bg7 17. Nd3 Qe7 18. Re1 f5 19. exf5 gxf5 {1-0 (36) Ersahin,B (2179)-Aktas,I (1894) Konya 2018}) 14. exf5 $16 gxf5 15. f4 Bf6 16. Qd2 (16. Nc2 $16) 16... e4 (16... a5 $11) 17. Nc2 $14 Bxc3 18. Qxc3 Nf6 19. Nd4 Bc8 20. a4 {[%cal Ba2a4,Ba4a5][%mdl 32]} Bd7 21. a5 Qe7 ({Black should play} 21... h5 $14) 22. Bh3 $16 Ng4 23. Bxg4 fxg4 24. Rfe1 h5 25. Re3 Rfe8 26. Rae1 bxa5 27. bxa5 ({Don't take} 27. Rxe4 $6 axb4 28. Qxb4 (28. Rxe7 bxc3 29. Kf2 Rxe7 $11) 28... Qf7 $14) 27... Rab8 28. Ne6 (28. Rxe4 $18 Qxe4 29. Rxe4 Rb1+ 30. Kf2 Rxe4 31. Qd3) 28... Bxe6 29. Rxe4 {[%mdl 64] Pin} Qg7 30. Qxg7+ Kxg7 31. Rxe6 Rxe6 32. Rxe6 {[%mdl 4096] Endgame KR-KR} Rb2 (32... Kf8 $16 {keeps fighting.}) 33. Kf1 $2 (33. Re7+ $1 $18 Kf6 34. Rxc7) 33... Rxh2 $11 34. Re7+ {[%mdl 64] Double Attack} Kf6 35. Rxc7 Kf5 $1 36. Rd7 Ke4 {And now ...Kf3 would win.} 37. Rxd6 Kf3 {[%cal Rh2h1]} 38. Ke1 {Black must now prevent f5.} h4 39. gxh4 {f5 is the strong threat.} Rc2 {aiming for ...g3.} 40. Rg6 g3 $2 {[%mdl 8192] [#]} (40... Rxc4 $11 {and Black is okay.} 41. d6 g3) 41. f5 $1 $18 {[%cal Rf5f6]} Rxc4 {Threatens to win with ...Re4+.} 42. h5 $4 {[%mdl 8192] [#]} (42. f6 $18 Re4+ 43. Kd2 Rd4+ 44. Kc3 Rxd5 45. f7) 42... Re4+ $1 $19 43. Kd2 Rd4+ {[%mdl 64] Double Attack} 44. Kc3 Rxd5 {[%mdl 64] Double Attack} 45. f6 Rxh5 {Black mates.} 46. f7 Rf5 47. Rg7 g2 48. Kd4 a6 49. Kd3 Rf4 {Weighted Error Value: White=0.52/Black=0.28} 0-1